01478nam a2200337 i 4500001001000000003000900010005001700019007000300036008004100039040003000080041000800110082002400118111009200142245008800234264007200322300004500394336002700439337003300466338002800499500007300527590002700600650009100627650007100718650006100789700005300850710005400903910003700957942001400994952011701008999001501125000005091DO-SdBNP20250715100204.0ta090729s1999 dr a 000 0 spa d aDO-SdBNPbspacBNPHUerda aspa 4a364.1323bC748d2221 aConferencia Nacional de Prevención de Corrupciónn(2 : 1997:cSanto Domingo)91461410aDocumentos de la segunda Conferencia Nacional de Prevención de la Corrupción ). 1aSanto Domingo :bBanco Central de la República Dominicana,c1999. a258 páginas :bilustraciones ;c22 cm. atextobtxt2rdacontent asin mediaciónbn2rdamedia avolumenbnc2rdacarrier aIncluye referencias bibliográficas y notas al pie de las páginas aInventariado, 2019/MFF 4aCorrupción políticazRepública DominicanavCongresos, conferencias, etc. 914615 4aCorrupción administrativavCongresos, conferencias, etc. 914616 4aÉtica políticavCongresos, conferencias, etc.9146171 aPortes, Braulio,d1935-eprologuista4pr.9804542 aBanco Central de la República Dominicana983405 aValidado. Control de calidad MFF 2ddccLBS1 0010718PDaPDbPDcHDd2009-09-09iLF1l0o364.1323 C748dp5091-10r2020-06-25w2020-06-25yLFPDZNo se presta c4894d4894